MARC
| LEADER | 00000nam a2200000Ia 4500 | ||
|---|---|---|---|
| 005 | 20260427112658.0 | ||
| 526 | |b Data Science | ||
| 100 | |a Leskovec et al. | ||
| 020 | |a 9781108476348 | ||
| 650 | |a Big Data | ||
| 526 | |a Bachelors | ||
| 942 | |c BK | ||
| 245 | |a Mining of Massive Datasets | ||
| 260 | |b Cambridge | ||
| 999 | |c 52 |d 52 | ||
| 952 | |0 0 |1 0 |4 0 |7 0 |8 2 |a BRISTOL |b BRISTOL |d 2026-04-22 |l 0 |p 000077 |r 2026-04-27 11:26:59 |w 2026-04-27 |y BK | ||